Statistics for Pingu Quiz

Click here to take the quiz!

General Stats

  • This quiz has been taken 171 times
  • The average score is 4 of 11

Answer Stats

DescriptionName% Correct
The main characterPingu
99%
The little sisterPinga
65%
The friend #2Pingi
44%
The friend #1Pingo
44%
The sealRobby
36%
The friend #3Pingg
28%
The momMama
24%
The dadPapa
22%
The friend #4Pongi
21%
The main character's original nameHugo
9%
The friend #5Bajoo
4%

Score Distribution

Percentile by Number Answered

Percent of People with Each Score

Your Score History

You have not taken this quiz